[Event "Ricany op"]
[Site "Ricany"]
[Date "2024.07.06"]
[Round "9"]
[White "Grebeniuc, Alexandra"]
[Black "Veverka, Vladimir"]
[Result "1/2-1/2"]
[WhiteElo "1800"]
[BlackElo "1968"]
[PlyCount "93"]
[EventDate "2024.06.29"]
[EventType "swiss"]
[EventRounds "9"]
[EventCountry "CZE"]
[SourceTitle "CBM 221 Extra"]
[Source "ChessBase"]
[SourceDate "2024.09.30"]
[SourceVersion "1"]
[SourceVersionDate "2024.09.30"]
[SourceQuality "1"]

1. e4 c5 2. Nf3 d6 3. Bb5+ Nd7 4. 0-0 a6 5. Bxd7+ Qxd7 6. c3 Nf6 7. e5 dxe5 8. Nxe5 Qd5 9. Re1 e6 10. d3 b5 11. Nd2 Bb7 12. Ndf3 Bd6 13. b3 Bc7 14. Bb2 h5 15. c4 Qd6 16. d4 Rd8 17. dxc5 Qxc5 18. Qe2 0-0 19. cxb5 Qxb5 20. Rac1 Qxe2 21. Rxe2 Bb6 22. Nc4 Ba7 23. Ba3 Bxf3 24. gxf3 Rfe8 25. Nd6 Re7 26. Rc6 Ra8 27. Kf1 Bd4 28. Rc4 Bb6 29. Rc6 Nd5 30. Rec2 Rc7 31. Ne4 Rac8 32. R6c4 Rxc4 33. bxc4 Nf4 34. c5 Bc7 35. Rb2 Rb8 36. Rxb8+ Bxb8 37. c6 Nd5 38. h3 f6 39. Nc5 Bd6 40. Ke2 Kf7 41. Kd3 Ke8 42. Kc4 Bxc5 43. Kxc5 Kd8 44. Bc1 Kc7 45. Bd2 g5 46. Ba5+ Kc8 47. Bd2 1/2-1/2

[Event "Ricany op"]
[Site "Ricany"]
[Date "2024.07.02"]
[Round "5"]
[White "Korniichuk, Oleksandra"]
[Black "Grebeniuc, Alexandra"]
[Result "1-0"]
[WhiteElo "1956"]
[BlackElo "1800"]
[PlyCount "77"]
[EventDate "2024.06.29"]
[EventType "swiss"]
[EventRounds "9"]
[EventCountry "CZE"]
[SourceTitle "CBM 221 Extra"]
[Source "ChessBase"]
[SourceDate "2024.09.30"]
[SourceVersion "1"]
[SourceVersionDate "2024.09.30"]
[SourceQuality "1"]

1. e4 c6 2. d3 d5 3. Nd2 g6 4. g3 Bg7 5. Bg2 e5 6. Ngf3 Ne7 7. 0-0 0-0 8. Re1 Qc7 9. c3 a5 10. Qc2 h6 11. a4 Be6 12. b4 Nd7 13. Ba3 Rfe8 14. Nb3 axb4 15. cxb4 b6 16. Rec1 Nf6 17. Nbd2 g5 18. h3 Rec8 19. Bb2 Ng6 20. d4 Nxe4 21. Nxe4 dxe4 22. Nxe5 Nxe5 23. dxe5 Bxe5 24. Bxe5 Qxe5 25. Qxe4 Qf6 26. Qe3 Rab8 27. a5 bxa5 28. bxa5 Rb3 29. Qc5 Rb5 30. Qc3 Qf5 31. a6 Rb3 32. Qc5 Qf6 33. a7 Qd8 34. Qa5 Qd4 35. Qc5 Qd8 36. Bxc6 Qc7 37. a8Q Rxg3+ 38. fxg3 Qxg3+ 39. Bg2 1-0

[Event "Ricany op"]
[Site "Ricany"]
[Date "2024.06.30"]
[Round "3"]
[White "Pressler, Tobias"]
[Black "Grebeniuc, Alexandra"]
[Result "1-0"]
[WhiteElo "2005"]
[BlackElo "1800"]
[PlyCount "71"]
[EventDate "2024.06.29"]
[EventType "swiss"]
[EventRounds "9"]
[EventCountry "CZE"]
[SourceTitle "CBM 221 Extra"]
[Source "ChessBase"]
[SourceDate "2024.09.30"]
[SourceVersion "1"]
[SourceVersionDate "2024.09.30"]
[SourceQuality "1"]

1. e4 c6 2. d4 d5 3. e5 Bf5 4. h4 h6 5. c4 e6 6. Nc3 dxc4 7. Bxc4 Ne7 8. Nge2 Nd5 9. Bxd5 cxd5 10. Qb3 Qd7 11. Bd2 Nc6 12. Na4 Be7 13. Rc1 Rc8 14. g3 b6 15. 0-0 0-0 16. a3 Nb8 17. Bb4 Bxb4 18. axb4 Rxc1 19. Rxc1 Qb5 20. Nac3 Qd3 21. b5 Qf3 22. Qd1 Be4 23. Nxe4 Qxe4 24. Ra1 f6 25. exf6 Rxf6 26. Rxa7 Qf3 27. Qe1 Qe4 28. Ra8 Rf8 29. Ra3 Qc2 30. Nf4 Re8 31. Re3 Qxb2 32. Rxe6 Rf8 33. Re8 Qa3 34. Qe6+ Kh7 35. Qg6+ Kg8 36. Ne6 1-0

[Event "Ricany op"]
[Site "Ricany"]
[Date "2024.06.29"]
[Round "1"]
[White "Grebeniuc, Alexandra"]
[Black "Petras, Milan"]
[Result "1/2-1/2"]
[WhiteElo "1800"]
[BlackElo "1977"]
[PlyCount "85"]
[EventDate "2024.06.29"]
[EventType "swiss"]
[EventRounds "9"]
[EventCountry "CZE"]
[SourceTitle "CBM 221 Extra"]
[Source "ChessBase"]
[SourceDate "2024.09.30"]
[SourceVersion "1"]
[SourceVersionDate "2024.09.30"]
[SourceQuality "1"]

1. e4 c6 2. d4 d5 3. exd5 cxd5 4. Bd3 Nc6 5. c3 Nf6 6. h3 e5 7. dxe5 Nxe5 8. Bb5+ Bd7 9. Bxd7+ Qxd7 10. Ne2 Bd6 11. 0-0 0-0 12. Qc2 Rad8 13. Bg5 Be7 14. Nd2 h6 15. Be3 a6 16. Rad1 Qc8 17. Nd4 Rfe8 18. N4f3 Nc6 19. Bb6 Rd6 20. Bc5 Re6 21. Bxe7 R8xe7 22. Nb3 Qe8 23. Nbd4 Nxd4 24. Nxd4 Re1 25. Qb3 b5 26. Nf3 Rxd1 27. Qxd1 Kf8 28. Qb3 Qc6 29. Qa3 Ne4 30. Nd4 Qd6 31. Qa5 g6 32. Nf3 Ng5 33. Nxg5 hxg5 34. a4 bxa4 35. Qxa4 Qb6 36. Qa3 Ke8 37. Qa4+ Kf8 38. Qd1 Re5 39. Qd2 Qe6 40. b4 Kg7 41. Qd4 Kh7 42. Qd2 g4 43. hxg4 1/2-1/2

[Event "Prague Golden U20 op 19th"]
[Site "Prague"]
[Date "2024.06.25"]
[Round "4"]
[White "Grebeniuc, Alexandra"]
[Black "Shamian, Artur"]
[Result "1/2-1/2"]
[WhiteElo "1800"]
[BlackElo "2057"]
[PlyCount "58"]
[EventDate "2024.06.22"]
[EventType "swiss"]
[EventRounds "7"]
[EventCountry "CZE"]
[SourceTitle "EXT 2025"]
[Source "ChessBase"]
[SourceDate "2024.10.14"]
[SourceVersion "1"]
[SourceVersionDate "2024.10.14"]
[SourceQuality "1"]

1. e4 c5 2. Nc3 Nc6 3. g3 g6 4. Bg2 Bg7 5. Nge2 d6 6. h3 e5 7. 0-0 Nge7 8. d3 0-0 9. Be3 Be6 10. Qd2 Qd7 11. Kh2 Nd4 12. Nd1 d5 13. Ng1 b6 14. c3 Ndc6 15. Bh6 Rad8 16. Bxg7 Kxg7 17. Qe2 b5 18. Re1 d4 19. Bf1 c4 20. Qd2 dxc3 21. bxc3 a5 22. Qb2 cxd3 23. Qxb5 d2 24. Re3 Rb8 25. Qe2 Rfd8 26. Nf3 a4 27. Qa6 Qc7 28. Qe2 Nd4 29. cxd4 Qc8 1/2-1/2

[Event "Prague Golden Rapid op 19th"]
[Site "Prague"]
[Date "2024.06.23"]
[Round "5"]
[White "Shamian, Artur"]
[Black "Grebeniuc, Alexandra"]
[Result "1-0"]
[WhiteElo "2056"]
[BlackElo "1785"]
[PlyCount "75"]
[EventDate "2024.06.23"]
[EventType "swiss (rapid)"]
[EventRounds "7"]
[EventCountry "CZE"]
[SourceTitle "EXT 2025"]
[Source "ChessBase"]
[SourceDate "2024.10.14"]
[SourceVersion "1"]
[SourceVersionDate "2024.10.14"]
[SourceQuality "1"]

1. d4 d5 2. Bf4 Nf6 3. e3 c6 4. c4 a6 5. Nc3 b5 6. cxd5 cxd5 7. a3 Bb7 8. Nf3 g6 9. Be2 Bg7 10. 0-0 0-0 11. Rc1 Nc6 12. Ne5 Rc8 13. Nxc6 Rxc6 14. Be5 e6 15. Na2 Nd7 16. Bxg7 Kxg7 17. Rxc6 Bxc6 18. Nb4 Bb7 19. Nd3 Qe7 20. Qd2 Rc8 21. Rc1 Qf8 22. h4 Nf6 23. Bf3 Nd7 24. h5 h6 25. hxg6 fxg6 26. Bg4 Qd6 27. Rxc8 Bxc8 28. Qc2 Bb7 29. Nf4 e5 30. Nxg6 exd4 31. exd4 Nb6 32. Nh4 Qf4 33. Qg6+ Kf8 34. g3 Qxd4 35. Qd6+ Kg8 36. Be6+ Kh8 37. Qf8+ Kh7 38. Qg8# 1-0